000 00327nam a22001577a 4500
003 NUST
020 _a0002554984
038 _aKhadija
082 _a956.704
_bATK
100 _aAtkinson
_990990
245 _aCrusade /
_cRick Atkinson
260 _aLahore
_bBook Centre
300 _ap575
563 _aHB
942 _2ddc
_cBK
999 _c589183
_d589183